logo

Bir Sreshtho Munshi Abdur Rouf Library
Jhenaidah Cadet College

Index to Commonwealth survey / (Record no. 7801)

MARC details
000 -LEADER
fixed length control field 01641cas a22003731a 4500
001 - CONTROL NUMBER
JCCL Control Number 7801
003 - CONTROL NUMBER IDENTIFIER
JCCL marc code BD-JhCC
005 - DATE AND TIME OF LATEST TRANSACTION
control field 20180723194655.0
008 - FIXED-LENGTH DATA ELEMENTS--GENERAL INFORMATION
fixed length control field 750823d19481966enksr p f0 a0eng c
035 ## - SYSTEM CONTROL NUMBER
system control number (BD-JhCC)7801
040 ## - CATALOGING SOURCE
Original cataloging agency MUL
Transcribing agency MUL
Modifying agency OCL
-- NYG
-- NST
-- DLC
-- NST
-- DLC
-- DIBAM
-- AU@
-- UKMGB
-- OCLCQ
-- OCLCO
-- OCLCF
-- OCL
-- BD-JhCC
041 ## - LANGUAGE CODE
Language code of Book eng
050 00 - LIBRARY OF CONGRESS CALL NUMBER
Classification number DA10
Item number .A35
082 04 - DEWEY DECIMAL CLASSIFICATION NUMBER
Classification number 942
Author mark and Year IND 1966
245 00 - TITLE STATEMENT
Title Index to Commonwealth survey /
260 ## - PUBLICATION, DISTRIBUTION, ETC. (IMPRINT)
Place of publication, distribution, etc London :
Name of publisher, distributor, etc Published for the Central Office of Information by H.M.S.O.
300 ## - PHYSICAL DESCRIPTION
Pagination v. :
Other physical details ill., maps ;
Dimensions 26 cm.
500 ## - GENERAL NOTE
General note "A record of United Kingdom and Commonwealth affairs."
580 ## - LINKING ENTRY COMPLEXITY NOTE
Linking entry complexity note Continued by: Survey of British and Commonwealth affairs.
650 #7 - SUBJECT ADDED ENTRY--TOPICAL TERM
Topical term or geographic name as entry element Commonwealth of Nations
General subdivision Societies, etc.
-- Periodicals
-- PUBLICACIONES PERIODICAS.
650 #7 - SUBJECT ADDED ENTRY--TOPICAL TERM
Topical term or geographic name as entry element British colonies.
651 #0 - SUBJECT ADDED ENTRY--GEOGRAPHIC NAME
Geographic name Commonwealth countries
Form subdivision Periodicals.
651 #0 - SUBJECT ADDED ENTRY--GEOGRAPHIC NAME
Geographic name Great Britain
General subdivision Colonies
Form subdivision Periodicals.
651 #7 - SUBJECT ADDED ENTRY--GEOGRAPHIC NAME
Geographic name Great Britain
General subdivision Colonies
-- Societies, etc.
-- Periodicals
-- PUBLICACIONES PERIODICAS.
651 #7 - SUBJECT ADDED ENTRY--GEOGRAPHIC NAME
Geographic name Commonwealth countries.
655 #7 -
Genre/form data or focus term Periodicals.
Source of term fast
710 1# - ADDED ENTRY--CORPORATE NAME
Corporate name or jurisdiction name as entry element Great Britain.
Subordinate unit Central Office of Information.
-- Reference Division.
776 1# - ADDITIONAL PHYSICAL FORM ENTRY
Qualifying information Microfilm
Place, publisher, and date of publication New York Public Library
Record control number (DLC)sn 92013360
-- (OCoLC)19333319
776 08 - ADDITIONAL PHYSICAL FORM ENTRY
Display text Online version:
Title Commonwealth survey
Record control number (OCoLC)604972284
776 08 - ADDITIONAL PHYSICAL FORM ENTRY
Display text Online version:
Title Commonwealth survey
Record control number (OCoLC)604972301
785 10 - SUCCEEDING ENTRY
Title Survey of British and Commonwealth affairs
International Standard Serial Number 0586-0024
Record control number (DLC)sn 85064308
-- (OCoLC)1639558
942 ## - ADDED ENTRY ELEMENTS (KOHA)
Source of classification or shelving scheme Dewey Decimal Classification
Koha item type Books
Holdings
Source of classification or shelving scheme Damaged status Not for loan Home library Current library Shelving location Total Checkouts Full call number Barcode Date last seen Copy number Koha item type
Dewey Decimal Classification     JCC Rouf Library JCC Rouf Library General Stacks   942 IND 1040 02/14/2018 C - 1 Books

JCC Library | Contacts | JCC Home

Last Update on 23 September 2017
Copyright @ 2017-2020 JCC Rouf Library
Rouf Library, Jhenidah Cadet College (JCC), Bangladesh